Statistics for Double B Answers

Click here to take the quiz!

General Stats

  • This quiz has been taken 13,419 times
    (8,748 since last reset)
  • The average score is 14 of 20

Answer Stats

Hint Answer % Correct
Sweden's best-selling musical groupABBA
94%
Space telescope launched in 1990Hubble
87%
Bilbo or Frodo, e.g.Hobbit
86%
British word for garbageRubbish
86%
To bounce a basketballDribble
86%
Sea in which Jamaica is locatedCaribbean
85%
Whale fatBlubber
85%
What a turkey saysGobble
84%
One who makes and repairs shoesCobbler
79%
Station that broadcasts Dr WhoBBC
78%
Main ingredient in sauerkrautCabbage
75%
British policemanBobby
67%
Calvin's tiger palHobbes
65%
In this board game, playing all seven
tiles is called a "bingo"
Scrabble
57%
What brooks doBabble
55%
Physically impossible substance invented
by the Absent-Minded Professor
Flubber
55%
Building for housing monks or nunsAbbey
52%
Sheath for a swordScabbard
47%
Communal farm in IsraelKibbutz
47%
Ape that is not a great apeGibbon
37%

Score Distribution

Percentile by Number Answered

Percent of People with Each Score

Your Score History

You have not taken this quiz since the last reset